[Event "DVM U16w 2021"]
[Site "Berlin GER"]
[Date "2022.04.30"]
[Round "2"]
[White "Pikki, Daria"]
[Black "Glowiak, Alexandra"]
[Result "0-1"]
[Termination "normal"]
[Board "3.1"]
[WhiteElo "1523"]
[BlackElo "1496"]
[WhiteClock "00:21:39"]
[BlackClock "00:06:40"]
[WhiteTeam "SV Königsjäger Süd-West e.V."]
[BlackTeam "Chemnitzer SC Aufbau95"]
[PlyCount "68"]
[WhiteFideId "16281306"]
[BlackFideId "16259530"]
[EventCountry "GER"]
[EventRounds "7"]
[EventType "team-swiss"]
[EventDate "2022.04.29"]

1. d4 {[%clk 1:30:58]} d5 {[%clk 1:30:51]} 2. c4 {[%clk 1:31:24]} e6 {[%clk
1:31:15]} 3. Nc3 {[%clk 1:31:51]} Nf6 {[%clk 1:31:23]} 4. cxd5 {[%clk 1:32:14]}
exd5 {[%clk 1:31:44]} 5. Bg5 {[%clk 1:32:40]} Be7 {[%clk 1:31:50]} 6. e3 {[%clk
1:32:57]} c6 {[%clk 1:32:12]} 7. Bd3 {[%clk 1:33:15]} O-O {[%clk 1:31:17]} 8.
Qc2 {[%clk 1:33:16]} Nbd7 {[%clk 1:31:19]} 9. Nf3 {[%clk 1:32:53]} Re8 {[%clk
1:29:52]} 10. O-O {[%clk 1:32:23]} Nf8 {[%clk 1:26:09]} 11. Bxf6 {[%clk
1:30:52]} Bxf6 {[%clk 1:26:17]} 12. b4 a6 {[%clk 1:01:02]} 13. a4 {[%clk
1:28:27]} Bg4 {[%clk 0:54:22]} 14. Nd2 {[%clk 1:24:17]} Be7 {[%clk 0:44:44]}
15. b5 {[%clk 1:21:10]} cxb5 {[%clk 0:42:35]} 16. axb5 {[%clk 1:21:11]} a5
{[%clk 0:42:01]} 17. Rfc1 {[%clk 1:14:58]} Bb4 {[%clk 0:35:40]} 18. Nf1 {[%clk
1:12:33]} Qg5 {[%clk 0:28:08]} 19. Ng3 {[%clk 1:07:38]} Rac8 {[%clk 0:22:21]}
20. Qb3 {[%clk 1:06:45]} Rxe3 {[%clk 0:15:52]} 21. h4 {[%clk 0:49:10]} Qf4
{[%clk 0:13:42]} 22. Nce2 {[%clk 0:40:30]} Rxc1+ {[%clk 0:13:37]} 23. Rxc1
{[%clk 0:38:49]} Bxe2 {[%clk 0:13:45]} 24. fxe3 {[%clk 0:28:11]} Qxe3+ {[%clk
0:14:03]} 25. Kh2 {[%clk 0:28:29]} Qxd3 {[%clk 0:13:47]} 26. Qxd5 {[%clk
0:27:15]} Qxb5 {[%clk 0:13:13]} 27. Qe4 {[%clk 0:26:31]} Bd3 {[%clk 0:12:34]}
28. Qf4 {[%clk 0:26:08]} a4 {[%clk 0:11:02]} 29. Rc7 {[%clk 0:25:20]} Qd5
{[%clk 0:10:36]} 30. Qe3 {[%clk 0:23:18]} Bc4 31. Qc1 b5 {[%clk 0:07:41]} 32.
Qb2 {[%clk 0:22:27]} Bd6 {[%clk 0:07:14]} 33. Ra7 {[%clk 0:22:20]} Bb8 {[%clk
0:06:34]} 34. Re7 {[%clk 0:21:39]} Bxg3+ {[%clk 0:06:40]} 0-1

[Event "DVM U16w 2021"]
[Site "Berlin GER"]
[Date "2022.04.30"]
[Round "2"]
[White "Czäczine, Paula"]
[Black "Sohr, Luna"]
[Result "1-0"]
[Termination "normal"]
[Board "3.2"]
[WhiteElo "1127"]
[BlackElo "1335"]
[WhiteClock "00:21:56"]
[BlackClock "00:03:15"]
[WhiteTeam "Chemnitzer SC Aufbau95"]
[BlackTeam "SV Königsjäger Süd-West e.V."]
[PlyCount "99"]
[WhiteFideId "16249305"]
[BlackFideId "16251261"]
[EventCountry "GER"]
[EventRounds "7"]
[EventType "team-swiss"]
[EventDate "2022.04.29"]

1. e4 {[%clk 1:30:56]} e5 {[%clk 1:30:56]} 2. Nf3 {[%clk 1:31:22]} Nc6 {[%clk
1:31:21]} 3. d4 {[%clk 1:31:46]} exd4 {[%clk 1:31:44]} 4. Nxd4 {[%clk 1:32:09]}
g6 {[%clk 1:31:47]} 5. Nc3 {[%clk 1:29:29]} Bg7 {[%clk 1:30:35]} 6. Be3 {[%clk
1:27:27]} Nge7 {[%clk 1:29:40]} 7. Qd2 {[%clk 1:25:54]} O-O {[%clk 1:29:06]} 8.
O-O-O {[%clk 1:22:48]} d6 {[%clk 1:15:39]} 9. h4 {[%clk 1:17:50]} Nxd4 {[%clk
0:56:26]} 10. Bxd4 {[%clk 1:18:09]} Bxd4 {[%clk 0:56:31]} 11. Qxd4 {[%clk
1:18:31]} Nc6 {[%clk 0:55:37]} 12. Qd2 {[%clk 1:15:46]} Ne5 {[%clk 0:49:27]}
13. h5 {[%clk 1:03:20]} Be6 {[%clk 0:35:37]} 14. f4 {[%clk 0:55:14]} Bg4 {[%clk
0:30:39]} 15. fxe5 {[%clk 0:53:37]} dxe5 {[%clk 0:25:50]} 16. Qxd8 {[%clk
0:52:28]} Raxd8 {[%clk 0:25:07]} 17. Rxd8 {[%clk 0:51:50]} Rxd8 {[%clk
0:25:24]} 18. hxg6 {[%clk 0:51:58]} hxg6 {[%clk 0:25:05]} 19. Nd5 {[%clk
0:49:52]} Kg7 {[%clk 0:23:56]} 20. Rh4 {[%clk 0:49:32]} c6 {[%clk 0:21:38]} 21.
Rxg4 {[%clk 0:49:32]} cxd5 {[%clk 0:21:25]} 22. exd5 {[%clk 0:49:23]} Rxd5
{[%clk 0:21:18]} 23. Rb4 {[%clk 0:47:00]} Rd7 {[%clk 0:18:53]} 24. Bd3 {[%clk
0:44:07]} f5 {[%clk 0:16:37]} 25. Bb5 {[%clk 0:37:08]} Re7 {[%clk 0:16:05]} 26.
Kd2 {[%clk 0:36:52]} Kf6 {[%clk 0:13:46]} 27. Ke3 {[%clk 0:35:43]} Kg5 {[%clk
0:12:20]} 28. a4 {[%clk 0:33:28]} e4 {[%clk 0:11:51]} 29. Be2 {[%clk 0:29:12]}
f4+ {[%clk 0:08:02]} 30. Kf2 {[%clk 0:29:28]} Kf5 {[%clk 0:07:08]} 31. Rb5+
{[%clk 0:29:17]} Kf6 {[%clk 0:06:03]} 32. a5 {[%clk 0:28:08]} Rd7 {[%clk
0:05:38]} 33. c4 {[%clk 0:26:28]} g5 {[%clk 0:03:56]} 34. Rd5 {[%clk 0:23:56]}
Rc7 {[%clk 0:01:54]} 35. c5 {[%clk 0:21:31]} Kg6 {[%clk 0:01:29]} 36. Re5
{[%clk 0:20:44]} e3+ {[%clk 0:01:50]} 37. Kf3 {[%clk 0:21:07]} Kf6 {[%clk
0:01:51]} 38. Rd5 {[%clk 0:21:17]} Rg7 {[%clk 0:01:59]} 39. g3 {[%clk 0:20:55]}
Ke6 {[%clk 0:02:10]} 40. Bc4 {[%clk 0:19:36]} fxg3 {[%clk 0:00:58]} 41. Rxg5+
{[%clk 0:19:37]} Kf6 {[%clk 0:01:19]} 42. Rxg7 {[%clk 0:19:58]} Kxg7 {[%clk
0:01:41]} 43. Kxg3 {[%clk 0:20:22]} Kf6 {[%clk 0:02:02]} 44. Kf4 {[%clk
0:20:41]} Ke7 {[%clk 0:02:04]} 45. Kxe3 {[%clk 0:21:03]} Kd7 {[%clk 0:02:29]}
46. Kd4 {[%clk 0:21:17]} Kc6 {[%clk 0:02:41]} 47. b4 {[%clk 0:21:24]} b6 {[%clk
0:02:32]} 48. axb6 {[%clk 0:21:32]} axb6 {[%clk 0:02:58]} 49. b5+ {[%clk
0:21:46]} Kc7 {[%clk 0:03:15]} 50. c6 {[%clk 0:21:56]} 1-0

[Event "DVM U16w 2021"]
[Site "Berlin GER"]
[Date "2022.04.30"]
[Round "2"]
[White "Schmidt, Luise"]
[Black "Czäczine, Laura"]
[Result "0-1"]
[Termination "normal"]
[Board "3.3"]
[WhiteElo "1420"]
[BlackElo "1358"]
[WhiteClock "00:07:18"]
[BlackClock "00:36:36"]
[WhiteTeam "SV Königsjäger Süd-West e.V."]
[BlackTeam "Chemnitzer SC Aufbau95"]
[PlyCount "72"]
[WhiteFideId "16294475"]
[BlackFideId "16211448"]
[EventCountry "GER"]
[EventRounds "7"]
[EventType "team-swiss"]
[EventDate "2022.04.29"]

1. e4 {[%clk 1:30:59]} e5 {[%clk 1:30:54]} 2. Nf3 {[%clk 1:31:25]} Nc6 {[%clk
1:31:18]} 3. Nc3 {[%clk 1:31:50]} Nf6 {[%clk 1:31:41]} 4. d4 {[%clk 1:32:18]}
exd4 {[%clk 1:31:16]} 5. Nxd4 {[%clk 1:32:40]} Bb4 {[%clk 1:31:22]} 6. Nxc6
{[%clk 1:33:02]} bxc6 {[%clk 1:31:17]} 7. Bd3 {[%clk 1:33:19]} d5 {[%clk
1:30:39]} 8. exd5 {[%clk 1:33:42]} cxd5 {[%clk 1:30:50]} 9. O-O {[%clk
1:33:34]} O-O {[%clk 1:31:01]} 10. h3 {[%clk 1:33:41]} Bb7 {[%clk 1:28:16]} 11.
Bf4 {[%clk 1:31:51]} d4 {[%clk 1:25:59]} 12. Ne2 {[%clk 1:30:31]} Qd5 {[%clk
1:23:41]} 13. f3 {[%clk 1:27:11]} c5 {[%clk 1:21:38]} 14. Ng3 {[%clk 1:18:36]}
c4 {[%clk 1:20:49]} 15. Be4 {[%clk 1:17:28]} Nxe4 {[%clk 1:19:43]} 16. Nxe4
{[%clk 1:17:53]} d3 {[%clk 1:16:41]} 17. c3 {[%clk 1:10:20]} Ba5 {[%clk
1:15:27]} 18. Qd2 {[%clk 1:08:54]} Rfe8 {[%clk 1:11:45]} 19. b3 {[%clk
0:57:08]} f5 {[%clk 1:10:05]} 20. bxc4 {[%clk 0:47:15]} Qc6 {[%clk 1:06:17]}
21. Nd6 {[%clk 0:44:07]} Bb6+ {[%clk 0:58:45]} 22. Kh1 {[%clk 0:40:50]} Red8
{[%clk 0:53:12]} 23. Nxf5 {[%clk 0:34:11]} Qxc4 {[%clk 0:48:05]} 24. Nd6 {[%clk
0:33:24]} Qd5 {[%clk 0:47:08]} 25. Nxb7 {[%clk 0:31:55]} Qxb7 {[%clk 0:47:26]}
26. Rfe1 {[%clk 0:28:12]} Qd7 {[%clk 0:42:41]} 27. Rad1 {[%clk 0:26:54]} Re8
{[%clk 0:41:51]} 28. Rxe8+ {[%clk 0:23:17]} Rxe8 {[%clk 0:42:05]} 29. Qxd3
{[%clk 0:21:58]} Re1+ {[%clk 0:41:32]} 30. Kh2 {[%clk 0:19:30]} Rxd1 {[%clk
0:41:22]} 31. Qc4+ {[%clk 0:17:31]} Qf7 {[%clk 0:39:53]} 32. Qa4 {[%clk
0:15:53]} Rf1 {[%clk 0:37:29]} 33. g3 {[%clk 0:08:07]} Rxf3 {[%clk 0:36:17]}
34. Kg2 {[%clk 0:07:34]} Rf2+ {[%clk 0:36:24]} 35. Kh1 {[%clk 0:07:09]} Qd5+
{[%clk 0:36:36]} 36. Kg1 {[%clk 0:07:18]} Qg2# 0-1

[Event "DVM U16w 2021"]
[Site "Berlin GER"]
[Date "2022.04.30"]
[Round "2"]
[White "Brewig, Bea Josephine"]
[Black "Altuve Medina, Victoria Isabella"]
[Result "0-1"]
[Termination "normal"]
[Board "3.4"]
[WhiteElo "1152"]
[BlackElo "1221"]
[WhiteClock "00:08:38"]
[BlackClock "00:14:21"]
[WhiteTeam "Chemnitzer SC Aufbau95"]
[BlackTeam "SV Königsjäger Süd-West e.V."]
[PlyCount "142"]
[WhiteFideId "16249313"]
[BlackFideId "3935639"]
[EventCountry "GER"]
[EventRounds "7"]
[EventType "team-swiss"]
[EventDate "2022.04.29"]

1. e4 {[%clk 1:30:53]} e5 {[%clk 1:30:52]} 2. Nf3 {[%clk 1:31:12]} Nc6 {[%clk
1:31:10]} 3. d4 {[%clk 1:31:13]} exd4 {[%clk 1:30:58]} 4. c3 {[%clk 1:31:21]}
d5 {[%clk 1:14:50]} 5. exd5 {[%clk 1:29:57]} Qxd5 {[%clk 1:15:00]} 6. cxd4
{[%clk 1:29:59]} Bg4 {[%clk 1:12:39]} 7. Nc3 {[%clk 1:17:56]} Qd7 {[%clk
1:08:08]} 8. Be3 {[%clk 0:35:29]} Bxf3 {[%clk 0:54:09]} 9. Qxf3 {[%clk
0:32:27]} O-O-O {[%clk 0:53:41]} 10. Rd1 {[%clk 0:28:28]} Nb4 {[%clk 0:49:51]}
11. Rd2 {[%clk 0:25:58]} Nf6 {[%clk 0:44:38]} 12. a3 {[%clk 0:23:31]} Nbd5
{[%clk 0:41:58]} 13. Bd3 {[%clk 0:20:34]} Kb8 {[%clk 0:39:47]} 14. O-O {[%clk
0:19:27]} h6 {[%clk 0:35:39]} 15. Re1 {[%clk 0:13:29]} g5 {[%clk 0:31:43]} 16.
h3 {[%clk 0:10:16]} Rg8 {[%clk 0:29:15]} 17. Bc4 {[%clk 0:08:13]} g4 {[%clk
0:22:52]} 18. hxg4 {[%clk 0:08:15]} Qxg4 {[%clk 0:23:02]} 19. Qxg4 {[%clk
0:08:27]} Rxg4 {[%clk 0:23:19]} 20. Rde2 {[%clk 0:07:37]} Nf4 {[%clk 0:13:00]}
21. Bxf4 {[%clk 0:06:56]} Rxf4 {[%clk 0:13:24]} 22. Nd5 {[%clk 0:06:02]} Nxd5
{[%clk 0:12:17]} 23. Bxd5 {[%clk 0:06:22]} c6 {[%clk 0:11:59]} 24. Bb3 {[%clk
0:05:39]} Kc7 {[%clk 0:11:51]} 25. Rd2 {[%clk 0:05:14]} Rdxd4 {[%clk 0:11:30]}
26. Rxd4 {[%clk 0:05:35]} Rxd4 {[%clk 0:11:56]} 27. Bxf7 {[%clk 0:05:56]} Bd6
{[%clk 0:12:03]} 28. f3 {[%clk 0:05:58]} Bg3 {[%clk 0:12:00]} 29. Rf1 {[%clk
0:05:53]} c5 {[%clk 0:11:17]} 30. Rc1 {[%clk 0:05:40]} Kd6 {[%clk 0:11:34]} 31.
b4 {[%clk 0:04:28]} b6 {[%clk 0:11:27]} 32. Kf1 {[%clk 0:04:13]} Rd2 {[%clk
0:11:18]} 33. Bb3 {[%clk 0:03:05]} Rd3 {[%clk 0:10:45]} 34. Ba4 {[%clk
0:02:41]} Rxa3 {[%clk 0:10:43]} 35. Rd1+ {[%clk 0:02:27]} Ke5 {[%clk 0:10:47]}
36. Bc6 {[%clk 0:02:31]} cxb4 {[%clk 0:10:21]} 37. Be4 {[%clk 0:01:18]} b3
{[%clk 0:09:55]} 38. Rd3 {[%clk 0:01:17]} Ra1+ {[%clk 0:10:01]} 39. Ke2 {[%clk
0:01:27]} b2 {[%clk 0:09:43]} 40. Rd1 {[%clk 0:00:55]} Rxd1 {[%clk 0:08:54]}
41. Kxd1 {[%clk 0:01:18]} b5 {[%clk 0:08:51]} 42. Kc2 {[%clk 0:01:33]} Kd4
{[%clk 0:09:07]} 43. Kxb2 {[%clk 0:01:53]} a5 {[%clk 0:09:27]} 44. Kb3 {[%clk
0:01:38]} Kc5 {[%clk 0:09:29]} 45. Bc2 {[%clk 0:01:37]} Kd4 {[%clk 0:09:09]}
46. Bg6 {[%clk 0:01:14]} Bd6 {[%clk 0:09:02]} 47. Be8 {[%clk 0:00:51]} a4+
{[%clk 0:09:21]} 48. Kb2 {[%clk 0:01:04]} b4 {[%clk 0:09:44]} 49. Bxa4 {[%clk
0:01:21]} Ke3 {[%clk 0:09:44]} 50. Bd1 {[%clk 0:01:29]} Kf2 {[%clk 0:09:49]}
51. g4 {[%clk 0:01:52]} Ke1 {[%clk 0:09:56]} 52. Kc1 {[%clk 0:02:10]} Bf4+
{[%clk 0:10:02]} 53. Kc2 {[%clk 0:02:21]} b3+ {[%clk 0:10:15]} 54. Kxb3 {[%clk
0:02:43]} Kxd1 {[%clk 0:10:42]} 55. Kc3 {[%clk 0:03:04]} Ke2 {[%clk 0:11:05]}
56. Kd4 {[%clk 0:03:26]} Kxf3 {[%clk 0:11:28]} 57. Kd3 {[%clk 0:03:46]} Kxg4
{[%clk 0:11:54]} 58. Ke2 {[%clk 0:04:09]} Kg3 {[%clk 0:12:05]} 59. Kf1 {[%clk
0:04:33]} Be3 {[%clk 0:12:28]} 60. Ke2 {[%clk 0:04:46]} Bb6 {[%clk 0:12:16]}
61. Kf1 {[%clk 0:05:05]} h5 {[%clk 0:12:41]} 62. Ke2 {[%clk 0:05:27]} h4 {[%clk
0:13:07]} 63. Kf1 {[%clk 0:05:47]} h3 {[%clk 0:13:32]} 64. Ke2 {[%clk 0:06:12]}
h2 {[%clk 0:13:58]} 65. Kd3 {[%clk 0:06:38]} h1=Q {[%clk 0:14:16]} 66. Kc4
{[%clk 0:06:55]} Qc6+ {[%clk 0:14:22]} 67. Kd3 {[%clk 0:07:16]} Kf3 {[%clk
0:14:36]} 68. Kd2 Ba5+ {[%clk 0:14:32]} 69. Kd1 {[%clk 0:07:55]} Qd5+ {[%clk
0:14:35]} 70. Kc1 {[%clk 0:08:15]} Qa2 {[%clk 0:14:21]} 71. Kd1 {[%clk
0:08:38]} Qd2# 0-1

[Event "DVM U16w 2021"]
[Site "Berlin GER"]
[Date "2022.04.30"]
[Round "2"]
[White "Bone, Franziska"]
[Black "Ponomarev, Christina"]
[Result "1-0"]
[Termination "normal"]
[Board "4.1"]
[WhiteElo "1175"]
[BlackElo "1010"]
[WhiteClock "00:35:54"]
[BlackClock "01:16:09"]
[WhiteTeam "Schachgemeinschaft Turm Raesfeld/Erle"]
[BlackTeam "SV Aalen-Ellwangen e.V."]
[PlyCount "51"]
[WhiteFideId "16261488"]
[BlackFideId "16284208"]
[EventCountry "GER"]
[EventRounds "7"]
[EventType "team-swiss"]
[EventDate "2022.04.29"]

1. e4 {[%clk 1:30:57]} e5 {[%clk 1:31:00]} 2. Nf3 {[%clk 1:31:11]} Nc6 {[%clk
1:31:17]} 3. Bc4 {[%clk 1:31:32]} Be7 {[%clk 1:31:31]} 4. O-O {[%clk 1:27:32]}
Nf6 {[%clk 1:31:36]} 5. Nc3 {[%clk 1:26:08]} O-O {[%clk 1:31:55]} 6. d4 {[%clk
1:24:58]} exd4 {[%clk 1:32:04]} 7. Nxd4 {[%clk 1:24:59]} Nxd4 {[%clk 1:31:54]}
8. Qxd4 {[%clk 1:24:51]} c5 {[%clk 1:31:27]} 9. Qe3 {[%clk 1:22:24]} Qc7 {[%clk
1:29:50]} 10. Re1 {[%clk 1:18:00]} Ng4 {[%clk 1:29:42]} 11. Qh3 {[%clk
1:13:25]} d6 {[%clk 1:27:44]} 12. Qg3 {[%clk 1:07:31]} a6 {[%clk 1:23:16]} 13.
Nd5 {[%clk 1:00:57]} Qd8 {[%clk 1:22:00]} 14. Nxe7+ {[%clk 0:58:18]} Qxe7
{[%clk 1:22:29]} 15. Bf4 {[%clk 0:58:26]} Ne5 {[%clk 1:22:18]} 16. Bd5 {[%clk
0:55:29]} Kh8 {[%clk 1:20:58]} 17. Rad1 {[%clk 0:48:44]} f6 {[%clk 1:20:55]}
18. Rd2 {[%clk 0:44:01]} Re8 {[%clk 1:19:18]} 19. Red1 {[%clk 0:40:14]} Be6
{[%clk 1:16:58]} 20. Bxe6 {[%clk 0:38:21]} Qxe6 {[%clk 1:17:26]} 21. Rxd6
{[%clk 0:38:24]} Qxa2 {[%clk 1:17:52]} 22. Bxe5 {[%clk 0:35:40]} fxe5 {[%clk
1:18:08]} 23. Rd7 {[%clk 0:35:40]} g6 {[%clk 1:17:20]} 24. Qh4 {[%clk 0:35:15]}
Kg8 {[%clk 1:15:52]} 25. Qxh7+ {[%clk 0:35:28]} Kf8 {[%clk 1:16:09]} 26. Qg7#
{[%clk 0:35:54]} 1-0

[Event "DVM U16w 2021"]
[Site "Berlin GER"]
[Date "2022.04.30"]
[Round "2"]
[White "Buryak, Taissia"]
[Black "Wehling, Ida"]
[Result "0-1"]
[Termination "normal"]
[Board "4.4"]
[WhiteElo "961"]
[BlackElo "1139"]
[WhiteClock "00:57:54"]
[BlackClock "00:01:16"]
[WhiteTeam "SV Aalen-Ellwangen e.V."]
[BlackTeam "Schachgemeinschaft Turm Raesfeld/Erle"]
[PlyCount "83"]
[WhiteFideId "16284194"]
[BlackFideId "16287452"]
[EventCountry "GER"]
[EventRounds "7"]
[EventType "team-swiss"]
[EventDate "2022.04.29"]

1. e4 {[%clk 1:30:57]} e5 {[%clk 1:30:50]} 2. Nf3 {[%clk 1:31:10]} Nc6 {[%clk
1:31:03]} 3. Nc3 {[%clk 1:30:58]} Bc5 {[%clk 1:29:03]} 4. Bb5 {[%clk 1:30:46]}
Nf6 {[%clk 1:27:45]} 5. d3 {[%clk 1:29:44]} d6 {[%clk 1:24:30]} 6. Bg5 {[%clk
1:26:16]} h6 {[%clk 1:22:29]} 7. Bh4 {[%clk 1:26:18]} g5 {[%clk 1:19:41]} 8.
Bg3 {[%clk 1:25:50]} Be6 {[%clk 1:13:02]} 9. Bxc6+ {[%clk 1:23:37]} bxc6 {[%clk
1:11:50]} 10. d4 {[%clk 1:22:20]} Bb4 {[%clk 1:04:50]} 11. Qd3 {[%clk 1:13:27]}
exd4 {[%clk 1:02:12]} 12. Nxd4 {[%clk 1:09:08]} c5 {[%clk 0:51:25]} 13. Nxe6
{[%clk 1:07:04]} fxe6 {[%clk 0:48:08]} 14. e5 {[%clk 1:04:54]} dxe5 {[%clk
0:38:33]} 15. Qxd8+ {[%clk 1:04:55]} Kxd8 {[%clk 0:36:47]} 16. Bxe5 {[%clk
1:04:48]} Rf8 {[%clk 0:35:30]} 17. O-O-O+ {[%clk 1:04:05]} Kc8 {[%clk 0:34:52]}
18. Nb5 {[%clk 1:03:05]} Rf7 {[%clk 0:25:54]} 19. a3 {[%clk 1:03:05]} Ba5
{[%clk 0:24:15]} 20. Bxf6 {[%clk 1:02:35]} Rxf6 {[%clk 0:23:46]} 21. Rd3 {[%clk
1:01:26]} Rxf2 {[%clk 0:23:01]} 22. g3 {[%clk 1:01:24]} Kb7 {[%clk 0:17:58]}
23. Nc3 {[%clk 1:00:50]} Re8 {[%clk 0:17:10]} 24. Ne4 {[%clk 1:00:04]} Rf5
{[%clk 0:14:53]} 25. g4 {[%clk 0:59:31]} Re5 {[%clk 0:13:09]} 26. Nf6 {[%clk
0:59:42]} Re7 {[%clk 0:12:33]} 27. h4 {[%clk 0:59:34]} Re1+ {[%clk 0:09:27]}
28. Rxe1 {[%clk 0:59:21]} Bxe1 {[%clk 0:09:17]} 29. Re3 {[%clk 0:59:02]} Bxh4
{[%clk 0:08:07]} 30. Ng8 {[%clk 0:58:46]} Re8 {[%clk 0:05:10]} 31. Nxh6 {[%clk
0:58:50]} Kb6 {[%clk 0:04:06]} 32. Nf7 {[%clk 0:58:29]} Re7 {[%clk 0:04:13]}
33. Nd8 {[%clk 0:58:43]} e5 {[%clk 0:04:02]} 34. b4 {[%clk 0:57:50]} cxb4
{[%clk 0:03:51]} 35. axb4 {[%clk 0:58:13]} e4 {[%clk 0:03:42]} 36. Kd2 {[%clk
0:58:13]} Rd7+ {[%clk 0:03:29]} 37. Kc3 {[%clk 0:58:07]} Rxd8 {[%clk 0:03:44]}
38. Rxe4 {[%clk 0:58:27]} c5 {[%clk 0:02:53]} 39. Re5 {[%clk 0:58:18]} Rc8
{[%clk 0:01:58]} 40. Re6+ {[%clk 0:57:43]} Kb5 {[%clk 0:02:00]} 41. Re5 {[%clk
0:57:44]} a6 {[%clk 0:01:16]} 42. Kb3 {[%clk 0:57:54]} 0-1

[Event "DVM U16w 2021"]
[Site "Berlin GER"]
[Date "2022.04.30"]
[Round "2"]
[White "Reich, Elisabeth"]
[Black "Racky, Selina"]
[Result "1-0"]
[Termination "normal"]
[Board "5.1"]
[WhiteElo "1490"]
[BlackElo "1409"]
[WhiteClock "01:06:41"]
[BlackClock "00:26:03"]
[WhiteTeam "ATSV Oberkotzau"]
[BlackTeam "SC Borussia Lichtenberg"]
[PlyCount "103"]
[WhiteFideId "16239776"]
[BlackFideId "16239440"]
[EventCountry "GER"]
[EventRounds "7"]
[EventType "team-swiss"]
[EventDate "2022.04.29"]

1. e4 {[%clk 1:30:56]} e5 {[%clk 1:30:38]} 2. Nf3 {[%clk 1:31:20]} Nc6 {[%clk
1:30:58]} 3. Bc4 {[%clk 1:31:39]} Nf6 {[%clk 1:30:55]} 4. d3 {[%clk 1:31:40]}
Bc5 {[%clk 1:31:20]} 5. O-O {[%clk 1:31:49]} h6 {[%clk 1:31:44]} 6. h3 {[%clk
1:32:07]} d6 {[%clk 1:31:37]} 7. Re1 {[%clk 1:32:06]} O-O {[%clk 1:30:49]} 8.
c3 {[%clk 1:32:04]} Re8 {[%clk 1:25:45]} 9. a4 {[%clk 1:31:29]} a6 {[%clk
1:25:49]} 10. Nbd2 {[%clk 1:30:07]} Be6 11. Bxe6 {[%clk 1:28:23]} fxe6 {[%clk
1:17:56]} 12. Nf1 {[%clk 1:25:59]} Ne7 {[%clk 1:10:03]} 13. Qb3 {[%clk
1:23:04]} Nc6 {[%clk 1:02:51]} 14. Ng3 {[%clk 1:21:37]} Qd7 {[%clk 1:00:52]}
15. Be3 {[%clk 1:17:36]} Bxe3 {[%clk 1:00:30]} 16. Rxe3 {[%clk 1:17:48]} Rab8
{[%clk 1:00:47]} 17. d4 {[%clk 1:16:42]} exd4 {[%clk 0:57:52]} 18. Nxd4 {[%clk
1:16:19]} Nxd4 {[%clk 0:56:49]} 19. cxd4 {[%clk 1:16:46]} Kh8 {[%clk 0:53:45]}
20. Rc1 {[%clk 1:13:38]} c6 {[%clk 0:49:46]} 21. Rd3 {[%clk 1:08:28]} e5 {[%clk
0:38:34]} 22. dxe5 {[%clk 1:08:12]} Rxe5 {[%clk 0:37:09]} 23. Rcd1 {[%clk
1:05:10]} d5 {[%clk 0:29:07]} 24. exd5 {[%clk 1:05:00]} Rxd5 {[%clk 0:28:34]}
25. Ne2 {[%clk 1:03:43]} Qe7 {[%clk 0:28:16]} 26. Nf4 {[%clk 1:03:08]} Rxd3
{[%clk 0:26:38]} 27. Qxd3 {[%clk 1:00:12]} Qe4 {[%clk 0:26:44]} 28. Qd6 {[%clk
0:59:23]} Re8 {[%clk 0:22:57]} 29. b4 {[%clk 0:53:58]} Kg8 {[%clk 0:19:31]} 30.
a5 {[%clk 0:53:07]} Qe5 {[%clk 0:19:33]} 31. Qd2 {[%clk 0:52:39]} Qb5 {[%clk
0:16:33]} 32. Qa2+ {[%clk 0:50:08]} Kh7 {[%clk 0:13:08]} 33. Qb1+ {[%clk
0:43:14]} Kg8 {[%clk 0:12:49]} 34. Re1 {[%clk 0:42:35]} Rxe1+ {[%clk 0:10:18]}
35. Qxe1 {[%clk 0:42:57]} Qc4 {[%clk 0:10:05]} 36. Ng6 {[%clk 0:41:48]} Qe4
{[%clk 0:09:36]} 37. Qxe4 {[%clk 0:41:06]} Nxe4 {[%clk 0:10:01]} 38. Ne5 {[%clk
0:41:06]} Nd6 {[%clk 0:09:45]} 39. Kf1 {[%clk 0:41:05]} Kf8 {[%clk 0:10:07]}
40. Ke2 {[%clk 0:41:01]} Ke7 {[%clk 0:09:46]} 41. Kd3 {[%clk 0:40:29]} Ke6
{[%clk 0:08:56]} 42. Nc4 {[%clk 0:40:18]} Nb5 {[%clk 0:08:08]} 43. Nb6 {[%clk
0:39:59]} Nc7 {[%clk 0:05:15]} 44. g3 {[%clk 0:39:42]} Nd5 {[%clk 0:04:55]} 45.
Nxd5 {[%clk 0:40:03]} Kxd5 {[%clk 0:05:19]} 46. f4 {[%clk 0:39:16]} h5 {[%clk
0:29:24]} 47. g4 {[%clk 1:09:28]} h4 {[%clk 0:28:37]} 48. f5 {[%clk 1:08:48]}
c5 {[%clk 0:26:33]} 49. bxc5 {[%clk 1:08:35]} Kxc5 {[%clk 0:26:58]} 50. Ke4
{[%clk 1:06:24]} Kb5 {[%clk 0:27:14]} 51. g5 {[%clk 1:06:45]} Kc6 {[%clk
0:26:03]} 52. f6 {[%clk 1:06:41]} 1-0